[Event "?"]
[Site "?"]
[Date "2011.06.03"]
[Round "5.48"]
[White "Körber, Christian"]
[Black "Mayer, Dietmar"]
[Result "1/2-1/2"]
[WhiteElo "1728"]
[BlackElo "1785"]
[PlyCount "57"]
[EventDate "2011.??.??"]

1. Nf3 d5 2. d4 Nf6 3. e3 c5 4. b3 cxd4 5. exd4 Nc6 6. Bb2 Bg4 7. Be2 Bxf3 8.
Bxf3 e6 9. O-O Bd6 10. Nd2 O-O 11. Re1 Rc8 12. Rc1 Qc7 13. g3 Nb4 14. a3 Na2
15. Ra1 Nc3 16. Bxc3 Qxc3 17. Ra2 Qxd4 18. Bg2 b5 19. b4 Rc6 20. Nb3 Qxd1 21.
Rxd1 a6 22. Bh3 Ne4 23. Nd4 Nc3 24. Nxc6 Nxd1 25. c4 bxc4 26. Rc2 Rc8 27. Nd4
a5 28. Bg4 Nxf2 29. Kxf2 1/2-1/2

[Event "?"]
[Site "?"]
[Date "2011.06.03"]
[Round "5.50"]
[White "Florio, Antonio"]
[Black "Pfeilsticker, Thorsten"]
[Result "1-0"]
[WhiteElo "1771"]
[BlackElo "1595"]
[PlyCount "57"]
[EventDate "2011.??.??"]

1. c4 Nf6 2. Nc3 e6 3. g3 Bb4 4. Bg2 Bxc3 5. bxc3 Nc6 6. Ba3 Ne7 7. Rb1 d5 8.
cxd5 exd5 9. c4 c6 10. cxd5 Nfxd5 11. e4 Nb6 12. Qc2 O-O 13. Nh3 Re8 14. O-O
Ng6 15. Bc5 Nd7 16. d4 Ndf8 17. d5 Bg4 18. Bxf8 Kxf8 19. dxc6 Qc8 20. Ng5 bxc6
21. Nxh7+ Kg8 22. Ng5 Qd8 23. Nf3 Rc8 24. h3 Be6 25. Qc5 Qe7 26. Qxe7 Rxe7 27.
Rb2 Bc4 28. Rc1 Bb5 29. Rxb5 1-0

[Event "?"]
[Site "?"]
[Date "2011.06.04"]
[Round "6.1"]
[White "Pelezki, Sergej"]
[Black "Schömbs, Oliver"]
[Result "1/2-1/2"]
[WhiteElo "1897"]
[BlackElo "1884"]
[PlyCount "45"]
[EventDate "2011.??.??"]

1. e4 e5 2. Nc3 Nc6 3. Bc4 Nf6 4. d3 Bc5 5. Nf3 d6 6. Bg5 h6 7. Bh4 g5 8. Bg3
Nh5 9. Qd2 f5 10. exf5 Bxf5 11. O-O-O Qf6 12. Nd5 Qg7 13. Rhe1 O-O-O 14. Ng1
Rhe8 15. f3 Nxg3 16. hxg3 Nd4 17. b4 c6 18. Ne3 e4 19. Qc3 Ne2+ 20. Nxe2 Bxe3+
21. Kb1 Qxc3 22. Nxc3 exd3 23. Bxd3 1/2-1/2

[Event "?"]
[Site "?"]
[Date "2011.06.04"]
[Round "6.2"]
[White "Malcan, Oener"]
[Black "Haug, Siegmund"]
[Result "0-1"]
[WhiteElo "1601"]
[BlackElo "1894"]
[PlyCount "70"]
[EventDate "2011.??.??"]

1. Nf3 d5 2. d4 Bg4 3. e3 c6 4. c4 e6 5. Nbd2 Bd6 6. Be2 Nd7 7. b3 f5 8. Bb2
Ngf6 9. Ne5 Bxe2 10. Qxe2 Qe7 11. f4 Bb4 12. O-O Bxd2 13. Qxd2 Nxe5 14. fxe5
Ne4 15. Qa5 b6 16. Qa4 Qd7 17. cxd5 cxd5 18. Qxd7+ Kxd7 19. Rac1 Rhc8 20. Rfd1
b5 21. Rxc8 Rxc8 22. Rc1 Rxc1+ 23. Bxc1 Nc3 24. a3 Ne2+ 25. Kf2 Nxc1 26. b4 Nb3
27. Ke2 a5 28. Kd3 a4 29. h3 h5 30. h4 Ke7 31. Kc3 Kf7 32. Kd3 Kg6 33. g3 Kh6
34. Kc3 g5 35. Kd3 Kg6 0-1

[Event "?"]
[Site "?"]
[Date "2011.06.04"]
[Round "6.3"]
[White "Steimbach, Isabel"]
[Black "Riegel, Frank"]
[Result "0-1"]
[WhiteElo "1556"]
[BlackElo "1872"]
[PlyCount "102"]
[EventDate "2011.??.??"]

1. e4 c5 2. c3 d5 3. exd5 Qxd5 4. Nf3 Nf6 5. d4 e6 6. Be2 Nc6 7. O-O cxd4 8.
cxd4 Be7 9. Nc3 Qa5 10. Bd2 O-O 11. a3 a6 12. b4 Qd8 13. Be3 Nd5 14. Nxd5 Qxd5
15. Rc1 Rd8 16. Bc4 Qd6 17. Qb3 Bf6 18. Rfd1 b5 19. Be2 Bb7 20. Rd2 a5 21. Bxb5
axb4 22. axb4 Nxb4 23. Be2 Bd5 24. Qd1 Ra3 25. Ra1 Na2 26. Qc2 Rc3 27. Qa4 Ra8
28. Qb5 Rb3 29. Rdxa2 Rxa2 30. Qe8+ Qf8 31. Qxf8+ Kxf8 32. Rxa2 Rb1+ 33. Bf1
Bxa2 34. Nd2 Rd1 35. f3 Bxd4 36. Bxd4 Rxd2 37. Bc5+ Kg8 38. Be3 Rc2 39. g3 Bc4
40. Bg2 e5 41. Bb6 f5 42. Bh3 g6 43. Be3 Kf7 44. Bg2 Ke6 45. Bg5 Re2 46. h3 e4
47. fxe4 fxe4 48. Bd8 e3 49. Ba5 Ra2 50. Bc3 Rc2 51. Bb4 Rc1+ 0-1

[Event "?"]
[Site "?"]
[Date "2011.06.04"]
[Round "6.4"]
[White "Paschmann, Stefan"]
[Black "Munk, Werner"]
[Result "1/2-1/2"]
[WhiteElo "1873"]
[BlackElo "1717"]
[PlyCount "43"]
[EventDate "2011.??.??"]

1. d4 Nf6 2. Nf3 g6 3. Nc3 d5 4. Bf4 Bg7 5. e3 O-O 6. Be2 c6 7. Ne5 Nfd7 8. Nf3
Nf6 9. Ne5 Nfd7 10. Nf3 Nf6 11. h4 h5 12. Ne5 Nbd7 13. f3 Nxe5 14. Bxe5 Nd7 15.
Bxg7 Kxg7 16. g4 Nf6 17. g5 Ne8 18. Qd2 Nd6 19. O-O-O Rh8 20. Bd3 Bd7 21. Qf2
Qc7 22. Rhg1 1/2-1/2

[Event "?"]
[Site "?"]
[Date "2011.06.04"]
[Round "6.5"]
[White "Wohlfahrt, Michael"]
[Black "Winkler, Tim"]
[Result "1-0"]
[WhiteElo "1761"]
[BlackElo "1814"]
[PlyCount "55"]
[EventDate "2011.??.??"]

1. e4 e5 2. Nf3 Nc6 3. Nc3 Nf6 4. d4 exd4 5. Nxd4 Nxd4 6. Qxd4 d6 7. Bg5 Be7 8.
O-O-O h6 9. Be3 Ng4 10. h3 Bf6 11. Qd2 Nxe3 12. Qxe3 Bd7 13. Kb1 Bc6 14. e5 Be7
15. Bc4 O-O 16. Rhg1 a6 17. f4 b5 18. Bd5 Bxd5 19. Nxd5 Re8 20. Qc3 Ra7 21. Qc6
Bf8 22. g3 dxe5 23. Nxc7 Qxc7 24. Qxe8 exf4 25. gxf4 Qxf4 26. Rgf1 Qc4 27. Rfe1
Re7 28. Qxf8+ 1-0

[Event "?"]
[Site "?"]
[Date "2011.06.04"]
[Round "6.6"]
[White "Rieder, Josef"]
[Black "Dölker, Kai"]
[Result "0-1"]
[WhiteElo "1851"]
[BlackElo "1742"]
[PlyCount "58"]
[EventDate "2011.??.??"]

1. e4 c5 2. Nf3 d6 3. d4 cxd4 4. Nxd4 Nf6 5. Nc3 g6 6. Bc4 Bg7 7. O-O O-O 8. h3
Nc6 9. Be3 Bd7 10. a3 Rc8 11. Ba2 a6 12. Kh2 Ne5 13. Qc1 Re8 14. f3 Nc4 15. Bf2
Nh5 16. Nde2 Qc7 17. Nd5 Qa5 18. b4 Qxa3 19. Qxa3 Nxa3 20. c3 Bb5 21. Rfe1 Nc2
22. g4 Nxa1 23. gxh5 Nc2 24. Rc1 Bxe2 25. Rxc2 Bxf3 26. Nb6 Rxc3 27. Rxc3 Bxc3
28. hxg6 hxg6 29. Nd5 Be5+ 0-1

[Event "?"]
[Site "?"]
[Date "2011.06.04"]
[Round "6.7"]
[White "Wezel, Sebastian"]
[Black "Lebeda, Lukas"]
[Result "1/2-1/2"]
[WhiteElo "1848"]
[BlackElo "1681"]
[PlyCount "81"]
[EventDate "2011.??.??"]

1. e4 c5 2. Nf3 Nc6 3. d4 cxd4 4. Nxd4 g6 5. Nc3 Bg7 6. Be3 d6 7. Qd2 Nf6 8. f3
O-O 9. O-O-O a6 10. Kb1 Qc7 11. Be2 b5 12. Nxc6 Qxc6 13. Bh6 Be6 14. Bxg7 Kxg7
15. h4 h5 16. Nd5 Bxd5 17. exd5 Qd7 18. Qd4 Rac8 19. c4 bxc4 20. Bxc4 Qa4 21.
b3 Qa5 22. g4 Kh7 23. Rhe1 Rfe8 24. Re3 Qc7 25. Rde1 a5 26. a4 Qc5 27. Qxc5
Rxc5 28. Rxe7 Rxe7 29. Rxe7 Kg7 30. g5 Nxd5 31. Rd7 Rc7 32. Rxd6 Ne3 33. Rd4
Nf5 34. Re4 Nd6 35. Rd4 Nf5 36. Rf4 Rd7 37. Kc1 Rd6 38. Kc2 Rd4 39. Rxd4 Nxd4+
40. Kc3 Nxf3 41. b4 1/2-1/2

[Event "?"]
[Site "?"]
[Date "2011.06.04"]
[Round "6.8"]
[White "Schreiber, Stephan"]
[Black "Ostertag, Stephan"]
[Result "1-0"]
[WhiteElo "1718"]
[BlackElo "1835"]
[PlyCount "93"]
[EventDate "2011.??.??"]

1. d4 Nf6 2. Bf4 c5 3. e3 cxd4 4. exd4 g6 5. c3 Bg7 6. Be2 O-O 7. Nf3 d6 8. h3
a6 9. Qc1 b5 10. a3 Nbd7 11. Bh6 Nb6 12. Bxg7 Kxg7 13. Nbd2 Bb7 14. O-O Rc8 15.
Re1 Qc7 16. Bd3 Bd5 17. Ne4 Bxe4 18. Bxe4 Nc4 19. Bd3 Qb7 20. Rb1 Rc7 21. Qc2
a5 22. Re2 Rfc8 23. Nd2 Nxa3 24. bxa3 Rxc3 25. Rxb5 Qa7 26. Qb2 Rxd3 27. Rb7
Qxd4 28. Qxd4 Rxd4 29. Rbxe7 Rc2 30. Nf3 Rxe2 31. Rxe2 Rd3 32. Rd2 Rxd2 33.
Nxd2 Nd7 34. Nc4 d5 35. Nxa5 Kf6 36. Kf1 Ke5 37. Ke2 Kd4 38. Kd2 Ne5 39. f4
Nc4+ 40. Nxc4 Kxc4 41. g4 Kb3 42. Kd3 Kxa3 43. Kd4 Kb4 44. Kxd5 Kc3 45. f5 gxf5
46. gxf5 h5 47. f6 1-0

[Event "?"]
[Site "?"]
[Date "2011.06.04"]
[Round "6.9"]
[White "Zaytsev, Evgeny"]
[Black "Gheng, Christian"]
[Result "1-0"]
[WhiteElo "1791"]
[BlackElo "1679"]
[PlyCount "73"]
[EventDate "2011.??.??"]

1. e4 c5 2. Nf3 d6 3. d4 cxd4 4. Nxd4 Nf6 5. Nc3 g6 6. Bg5 Bg7 7. f3 O-O 8. Qd2
Nc6 9. Be3 d5 10. O-O-O a5 11. Bb5 Na7 12. Be2 dxe4 13. Nxe4 Nxe4 14. fxe4 e5
15. Nb3 Qxd2+ 16. Rxd2 Nc6 17. Kb1 a4 18. Nc1 Be6 19. g4 Rfd8 20. Rhd1 Rxd2 21.
Rxd2 Kf8 22. g5 Nd4 23. Bd3 Ra5 24. c3 Nc6 25. Bc2 f5 26. gxf6 Bxf6 27. Rf2 Ke7
28. Nd3 Bh4 29. Rd2 Bg4 30. Nc5 b5 31. Bd1 Bh3 32. Rd5 Be6 33. Nxe6 Kxe6 34.
Bg4+ Ke7 35. Rd7+ Ke8 36. Rxh7 Bf6 37. Bd7+ 1-0

[Event "?"]
[Site "?"]
[Date "2011.06.04"]
[Round "6.10"]
[White "Ruff, Robert"]
[Black "Häfele, Torsten"]
[Result "1/2-1/2"]
[WhiteElo "1785"]
[BlackElo "1574"]
[PlyCount "34"]
[EventDate "2011.??.??"]

1. d4 f5 2. g3 Nf6 3. Nf3 g6 4. Bg2 Bg7 5. c4 d6 6. Nbd2 O-O 7. O-O Qe8 8. d5
e5 9. dxe6 Qxe6 10. Rb1 a5 11. a3 Na6 12. Nd4 Qe7 13. b4 axb4 14. axb4 Ne4 15.
Nxe4 fxe4 16. Be3 c6 17. Qc2 Nxb4 1/2-1/2

[Event "?"]
[Site "?"]
[Date "2011.06.04"]
[Round "6.11"]
[White "Notz, Lukas"]
[Black "Tölg, Wolfgang"]
[Result "1-0"]
[WhiteElo "1445"]
[BlackElo "1776"]
[PlyCount "125"]
[EventDate "2011.??.??"]

1. d4 f5 2. g3 d5 3. Bg2 e6 4. c4 Nf6 5. Nf3 c5 6. dxc5 Bxc5 7. O-O O-O 8. cxd5
Nxd5 9. a3 Qa5 10. Bd2 Qa6 11. Nc3 Nxc3 12. Bxc3 Nd7 13. b4 Be7 14. Qc2 Bf6 15.
Bxf6 Rxf6 16. Rfd1 Rf8 17. Nd4 Nf6 18. Qb3 Kh8 19. a4 e5 20. Nb5 Ne8 21. Qc3
Qf6 22. Nc7 Nxc7 23. Qxc7 e4 24. Rac1 h6 25. Rd6 Qb2 26. Rcd1 Qxb4 27. Rd8 Be6
28. Rxa8 Rxa8 29. Rd8+ Rxd8 30. Qxd8+ Kh7 31. Qe8 Qe1+ 32. Bf1 Bc4 33. Qh5 g6
34. Qh4 g5 35. Qh5 Kg7 36. Qe8 Qb4 37. Qe5+ Kg6 38. Bh3 Qf8 39. g4 Qf6 40.
gxf5+ Kg7 41. Qxe4 Qf7 42. Qd4+ Kh7 43. e4 Be2 44. Bf1 Bxf1 45. Kxf1 b6 46. Qe5
Qd7 47. Kg2 h5 48. Qf6 Qg7 49. Qxg7+ Kxg7 50. Kf3 Kf6 51. Ke3 Ke5 52. Kd3 a6
53. h3 g4 54. h4 b5 55. axb5 axb5 56. Kc3 Kxe4 57. f6 Kf3 58. f7 Kxf2 59. f8=Q+
Kg2 60. Qf5 g3 61. Qxh5 Kh2 62. Qg4 g2 63. Qxg2+ 1-0

[Event "?"]
[Site "?"]
[Date "2011.06.04"]
[Round "6.12"]
[White "Michna, Marcus"]
[Black "Wang, Julia"]
[Result "1-0"]
[WhiteElo "1869"]
[BlackElo "1719"]
[PlyCount "31"]
[EventDate "2011.??.??"]

1. d4 f5 2. e4 d6 3. Nc3 Nc6 4. d5 Ne5 5. f4 Nf7 6. Nf3 e5 7. Bd3 exf4 8. exf5
Ngh6 9. Bxf4 Nxf5 10. Qe2+ Be7 11. O-O-O O-O 12. Rde1 Bf6 13. Ne4 Nd4 14. Nxf6+
Qxf6 15. Qe4 Nxf3 16. Qxh7# 1-0

[Event "?"]
[Site "?"]
[Date "2011.06.04"]
[Round "6.13"]
[White "Rühl, Volker"]
[Black "Hamm, Julian"]
[Result "0-1"]
[WhiteElo "1837"]
[BlackElo "1684"]
[PlyCount "80"]
[EventDate "2011.??.??"]

1. d4 Nf6 2. c4 e5 3. dxe5 Ng4 4. Nh3 Nxe5 5. e3 d6 6. Nf4 Nbc6 7. Bd2 Be7 8.
Bc3 O-O 9. Be2 Be6 10. Na3 Bf6 11. O-O a6 12. Qd2 Ng6 13. Nd5 Bxd5 14. cxd5
Bxc3 15. Qxc3 Nce5 16. Rac1 Rc8 17. Nc4 f5 18. g3 Ng4 19. Nd2 Qg5 20. Nf3 Qh6
21. Kg2 N6e5 22. h3 Nxf3 23. Bxf3 Ne5 24. Be2 g5 25. f4 Nd7 26. Bd3 Nc5 27. b4
Na4 28. Qc2 Nb6 29. Bxf5 Nxd5 30. Be6+ Qxe6 31. Kh2 Nxe3 32. Qe2 Nxf1+ 33. Qxf1
Qxa2+ 34. Kg1 gxf4 35. gxf4 Qd2 36. Qc4+ d5 37. Qc5 Rxf4 38. Kh1 Qd4 39. Rg1+
Kf7 40. Qc1 Qe4+ 0-1

[Event "?"]
[Site "?"]
[Date "2011.06.04"]
[Round "6.14"]
[White "Pocrnic, Josip"]
[Black "Werner, Stefan"]
[Result "1-0"]
[WhiteElo "1824"]
[BlackElo "1707"]
[PlyCount "100"]
[EventDate "2011.??.??"]

1. e4 e5 2. Nf3 Nc6 3. Bc4 Bc5 4. b4 Bxb4 5. c3 Ba5 6. O-O Nf6 7. d4 d6 8. dxe5
Nxe5 9. Nxe5 dxe5 10. Qb3 Be6 11. Bxe6 fxe6 12. Rd1 Nd7 13. Qxe6+ Qe7 14. Qd5
Bb6 15. Qxb7 Rd8 16. Qd5 Rf8 17. Ba3 Bxf2+ 18. Kh1 Bc5 19. Bxc5 Qxc5 20. Qb3
Qe7 21. Nd2 Qf7 22. Qa4 Qf2 23. Qc4 Qc5 24. Qe6+ Qe7 25. Qh3 Nf6 26. Qh4 h6 27.
h3 Nd7 28. Qh5+ Qf7 29. Qe2 Qf2 30. Qc4 Qc5 31. Qb3 Rf2 32. Nf3 Qf8 33. Qe6+
Qe7 34. Qg4 Qf7 35. Rd5 Nf6 36. Rxd8+ Kxd8 37. Rd1+ Ke7 38. Qc8 Qe6 39. Qxc7+
Kf8 40. Nxe5 Ne8 41. Qc5+ Kg8 42. Qxf2 Qxe5 43. Qd4 Qe7 44. e5 Kh7 45. Qe4+ g6
46. Qd5 Ng7 47. Rb1 Qf8 48. c4 Qf5 49. Rd1 h5 50. c5 Ne6 1-0

[Event "?"]
[Site "?"]
[Date "2011.06.04"]
[Round "6.15"]
[White "Duran, Suat"]
[Black "Bauer, Dieter"]
[Result "1/2-1/2"]
[WhiteElo "1687"]
[BlackElo "1789"]
[PlyCount "133"]
[EventDate "2011.??.??"]

1. d4 Nf6 2. Nf3 c5 3. dxc5 Na6 4. Nc3 Nxc5 5. e3 g6 6. b4 Ne6 7. Bb2 Bg7 8.
Rb1 O-O 9. Bd3 d6 10. O-O b6 11. a3 Bb7 12. Qe2 Nd7 13. Be4 Bxe4 14. Nxe4 Bxb2
15. Rxb2 Qc7 16. c4 Rfc8 17. Rc2 Qb7 18. Ned2 d5 19. Rfc1 dxc4 20. Rxc4 Rxc4
21. Qxc4 Rd8 22. Ne4 Nf6 23. Nxf6+ exf6 24. h3 Kg7 25. Qc3 Qd5 26. Kh2 Qd3 27.
a4 Qd6+ 28. Kg1 Qd3 29. Kh2 Qd6+ 30. Kg1 Qd5 31. Kh2 Rd7 32. Qe1 Qd6+ 33. Kg1
Qd5 34. Kh2 b5 35. a5 Qd6+ 36. Kg1 Qd3 37. Kh2 Qb3 38. Kg1 Qd5 39. Kh2 Rd8 40.
Qc3 Qd6+ 41. Kg1 Qd3 42. Kh2 Qxc3 43. Rxc3 Rd1 44. Rc6 Rb1 45. Ra6 Rxb4 46.
Rxa7 Ra4 47. a6 b4 48. Nd4 Nxd4 49. exd4 b3 50. Rb7 Rxa6 51. Rxb3 Rd6 52. Rd3
f5 53. Kg3 Kf6 54. h4 Rd7 55. f4 Ke6 56. Kf3 Kd5 57. g3 Kc4 58. Rd1 Kd5 59. Rd2
Rc7 60. Rd1 Rc3+ 61. Kf2 Rc7 62. Kf3 Ra7 63. Rd3 Re7 64. Rd2 Rb7 65. Rd3 Kc4
66. Rd1 Rb3+ 67. Kf2 {Rest unvollstaendig} 1/2-1/2

[Event "?"]
[Site "?"]
[Date "2011.06.04"]
[Round "6.16"]
[White "Burkhardt, Adrian"]
[Black "Büchele, Markus"]
[Result "1/2-1/2"]
[WhiteElo "1714"]
[BlackElo "1783"]
[PlyCount "52"]
[EventDate "2011.??.??"]

1. e4 d5 2. exd5 Qxd5 3. Nc3 Qa5 4. Nf3 Bf5 5. d4 c6 6. Bd2 e6 7. Bc4 Nf6 8.
O-O Nbd7 9. a3 Qc7 10. h3 h5 11. Re1 O-O-O 12. Bg5 Nb6 13. Bb3 Be7 14. Ne5 Rhf8
15. Ne2 Nfd5 16. Bxe7 Qxe7 17. Ng3 g6 18. c3 Qg5 19. Nf3 Qf6 20. Qc1 h4 21.
Nxf5 gxf5 22. Qg5 Rh8 23. c4 Rdg8 24. Qxf6 Nxf6 25. Kh2 Ne4 26. Re2 Rd8 1/2-1/2

[Event "?"]
[Site "?"]
[Date "2011.06.04"]
[Round "6.17"]
[White "Tönjes, Jürgen"]
[Black "Schreiber, Winfried"]
[Result "1-0"]
[WhiteElo "1768"]
[BlackElo "1646"]
[PlyCount "79"]
[EventDate "2011.??.??"]

1. d4 Nf6 2. f3 g6 3. e4 d6 4. Be3 Bg7 5. Qd2 O-O 6. c4 Nbd7 7. Nc3 e6 8. Rd1
a6 9. Be2 Ne8 10. Nh3 b6 11. O-O Bb7 12. b4 c6 13. Bg5 f6 14. Bh6 f5 15. Bxg7
Kxg7 16. Nf4 Nc7 17. d5 cxd5 18. exd5 e5 19. Ne6+ Nxe6 20. dxe6 Nf6 21. Qxd6
Qxd6 22. Rxd6 Rfe8 23. Rxb6 Re7 24. Rd1 e4 25. f4 a5 26. b5 a4 27. Rd7 Nxd7 28.
Rxb7 Rd8 29. Rxd7 Rexd7 30. exd7 Rxd7 31. Nd5 a3 32. Kf2 Kf7 33. Ke3 h6 34. Nb6
Rd8 35. c5 Ke7 36. Nc4 Ra8 37. c6 Kd8 38. b6 Ra4 39. Nd6 Rb4 40. c7+ 1-0

[Event "?"]
[Site "?"]
[Date "2011.06.04"]
[Round "6.18"]
[White "Rausch, Adrian"]
[Black "Strauss, Martin"]
[Result "0-1"]
[WhiteElo "1469"]
[BlackElo "1764"]
[PlyCount "56"]
[EventDate "2011.??.??"]

1. d4 d5 2. c4 e6 3. Nf3 Nf6 4. g3 Bb4+ 5. Bd2 Bxd2+ 6. Nbxd2 c6 7. Bg2 Nbd7 8.
O-O O-O 9. Re1 Re8 10. e4 dxe4 11. Nxe4 Nxe4 12. Rxe4 f5 13. Re1 Rb8 14. Ne5
Nxe5 15. Rxe5 Qc7 16. Rc1 b6 17. c5 Rd8 18. cxb6 Qxb6 19. Rxc6 Qxd4 20. Qxd4
Rxd4 21. Re2 Rd1+ 22. Bf1 Bd7 23. Rexe6 Bxe6 24. Rxe6 Rxb2 25. Kg2 Rdd2 26. Bc4
Rxf2+ 27. Kg1 Kf8 28. Rc6 Rg2+ 0-1

[Event "?"]
[Site "?"]
[Date "2011.06.04"]
[Round "6.19"]
[White "Srokovskiy, Andrea"]
[Black "Ziegler, Michael"]
[Result "1/2-1/2"]
[WhiteElo "1749"]
[BlackElo "1626"]
[PlyCount "72"]
[EventDate "2011.??.??"]

1. d4 Nf6 2. Nf3 e6 3. Bf4 Be7 4. e3 O-O 5. Bd3 Nh5 6. Bg3 g6 7. Nbd2 Nc6 8. c3
a5 9. Qc2 b6 10. O-O-O Ba6 11. Bxa6 Rxa6 12. Nf1 b5 13. d5 exd5 14. Rxd5 Nb4
15. Qd2 Nxd5 16. Qxd5 c6 17. Qd3 d6 18. N1d2 Rb6 19. Nb3 Nxg3 20. hxg3 a4 21.
Nbd4 Qd7 22. Nh4 Bxh4 23. gxh4 c5 24. Nf3 f6 25. h5 c4 26. Qd5+ Qf7 27. Qd4 g5
28. Qxb6 g4 29. Nd4 Qg7 30. Rh2 g3 31. fxg3 Qg5 32. Ne2 Re8 33. Kd2 Re5 34. Rh3
Rd5+ 35. Nd4 Qf5 36. Qd8+ Kf7 1/2-1/2

[Event "?"]
[Site "?"]
[Date "2011.06.04"]
[Round "6.20"]
[White "Bried, Martin"]
[Black "Krebs, Thomas"]
[Result "1/2-1/2"]
[WhiteElo "1798"]
[BlackElo "1621"]
[PlyCount "128"]
[EventDate "2011.??.??"]

1. c4 c5 2. Nc3 Nf6 3. g3 Nc6 4. Bg2 g6 5. Nf3 d6 6. O-O Bg7 7. d3 O-O 8. Bg5
Rb8 9. e4 h6 10. Bd2 a6 11. Qc1 Kh7 12. a3 Bd7 13. Rb1 b5 14. cxb5 axb5 15. b4
cxb4 16. axb4 Rb7 17. d4 e5 18. dxe5 dxe5 19. Be3 Qb8 20. Ne1 Rc8 21. Qb2 Be6
22. Nd5 Rd8 23. Nxf6+ Bxf6 24. Nc2 Bg7 25. Bc5 Rd2 26. Be3 Rd3 27. Rfd1 Rbd7
28. Rxd3 Rxd3 29. Bf1 Rb3 30. Qc1 Rxb1 31. Qxb1 f5 32. Na3 Bf8 33. Nxb5 Nxb4
34. exf5 Bxf5 35. Qb3 Qb7 36. Bd2 Na6 37. Nd4 Qxb3 38. Nxb3 Nb4 39. Kg2 Bd3 40.
Bxd3 Nxd3 41. Kf3 h5 42. Ke3 Nb4 43. Ke4 Nc6 44. Kd5 Nd4 45. Nxd4 exd4 46. Kxd4
Kg7 47. Bg5 Kf7 48. Kd5 Bb4 49. h4 Be1 50. Be3 Bc3 51. Ke4 Bb4 52. f4 Be1 53.
Kf3 Kf6 54. Bf2 Bb4 55. g4 Bc3 56. gxh5 gxh5 57. Ke4 Kg6 58. f5+ Kf6 59. Be3
Kf7 60. Bg5 Bb2 61. Bd8 Ke8 62. Bc7 Kf7 63. Be5 Bc1 64. Kd5 Bd2 1/2-1/2

[Event "?"]
[Site "?"]
[Date "2011.06.04"]
[Round "6.21"]
[White "Grüneschild, Hildegard"]
[Black "Muench, Werner"]
[Result "1/2-1/2"]
[WhiteElo "1645"]
[BlackElo "1884"]
[PlyCount "63"]
[EventDate "2011.??.??"]

1. c4 c6 2. Nc3 d5 3. e3 Nf6 4. d4 g6 5. cxd5 cxd5 6. Bd3 Bg7 7. Nf3 Nc6 8. a3
O-O 9. O-O a6 10. h3 Qd6 11. Bd2 e5 12. dxe5 Nxe5 13. Nxe5 Qxe5 14. f4 Qe7 15.
Qf3 Rd8 16. Rae1 Ne4 17. Bc1 Nxc3 18. bxc3 Bxc3 19. Rd1 f5 20. Bb1 Be6 21. Ba2
Qf7 22. Rd3 Rac8 23. Rfd1 Bf6 24. a4 Rd7 25. Ba3 Rcd8 26. Bc5 d4 27. Bxe6 Qxe6
28. exd4 Qd5 29. Qxd5+ Rxd5 30. Bb6 Rc8 31. Kf2 Kf7 32. Kf3 1/2-1/2

[Event "?"]
[Site "?"]
[Date "2011.06.04"]
[Round "6.22"]
[White "Mejerski, Stephan"]
[Black "Ellinger, Harald"]
[Result "0-1"]
[WhiteElo "1619"]
[BlackElo "1854"]
[PlyCount "98"]
[EventDate "2011.??.??"]

1. e4 c5 2. Nf3 d6 3. Nc3 Nc6 4. d4 cxd4 5. Nxd4 Nf6 6. Be2 Bd7 7. O-O g6 8.
Nxc6 Bxc6 9. Bf3 Bg7 10. Nd5 O-O 11. Nxf6+ Bxf6 12. c3 Qb6 13. Qc2 a5 14. Be3
Qc7 15. Rfe1 a4 16. a3 Bb5 17. Be2 Bd7 18. Bd3 Rfc8 19. Rac1 Be6 20. Qd2 Bc4
21. Bxc4 Qxc4 22. Qd5 Qxd5 23. exd5 Rc4 24. Rc2 Ra5 25. Rd1 Rb5 26. Kf1 Kf8 27.
Ke2 Ke8 28. Rd3 Kd7 29. Kd2 e6 30. dxe6+ fxe6 31. Kc1 Bg5 32. Rcd2 Be7 33. Rd4
Rbc5 34. Rxc4 Rxc4 35. Rd4 Rxd4 36. Bxd4 e5 37. Be3 Ke6 38. Kc2 Kd5 39. b3
axb3+ 40. Kxb3 b5 41. Kb4 Kc6 42. Kb3 d5 43. a4 bxa4+ 44. Kxa4 Bc5 45. Kb3 Kb5
46. Kc2 Bxe3 47. fxe3 Kc4 48. Kd2 h6 49. e4 d4 0-1

[Event "?"]
[Site "?"]
[Date "2011.06.04"]
[Round "6.23"]
[White "Aleman, Tilman"]
[Black "Pudmensky, Stefan"]
[Result "0-1"]
[WhiteElo "1629"]
[BlackElo "1853"]
[PlyCount "64"]
[EventDate "2011.??.??"]

1. c4 Nf6 2. g3 e6 3. Bg2 d5 4. cxd5 exd5 5. Nc3 c6 6. Nf3 Bd6 7. O-O Bg4 8.
Qc2 O-O 9. a3 a5 10. Rb1 Na6 11. d3 h6 12. Bd2 Re8 13. Rfc1 Rc8 14. e3 Re7 15.
Nd4 Be5 16. Nce2 c5 17. Nf3 Bf5 18. Nxe5 Rxe5 19. Bc3 Re6 20. Bxf6 Rxf6 21. e4
dxe4 22. dxe4 Bh7 23. Qc4 Qe8 24. b4 b5 25. Qc2 axb4 26. axb4 Rfc6 27. bxc5
Rxc5 28. Qd3 Rxc1+ 29. Nxc1 Rc4 30. Rxb5 Rxc1+ 31. Bf1 Bxe4 32. Qe3 Rxf1+ 0-1

[Event "?"]
[Site "?"]
[Date "2011.06.04"]
[Round "6.24"]
[White "Schmidt, Tobias"]
[Black "Weigel, Curt"]
[Result "0-1"]
[WhiteElo "1580"]
[BlackElo "1810"]
[PlyCount "118"]
[EventDate "2011.??.??"]

1. e4 e6 2. d4 d5 3. Nd2 Be7 4. Ngf3 Nf6 5. Bd3 O-O 6. O-O c5 7. exd5 exd5 8.
dxc5 Bxc5 9. Nb3 Bb6 10. Bg5 Nc6 11. Re1 Bc7 12. Bh4 h6 13. Be2 Bb6 14. c3 Qd6
15. Bg3 Qd8 16. Nfd4 Ne4 17. Bf3 Nxg3 18. hxg3 Qg5 19. Rc1 Bd7 20. Rc2 a5 21.
Ne2 a4 22. Nbc1 Be6 23. Rd2 Rfd8 24. Kf1 Ne7 25. Nf4 Qf6 26. Nfe2 Nf5 27. Nd3
g5 28. Kg1 g4 29. Bxg4 Ne3 30. fxe3 Bxe3+ 31. Kh1 Bxd2 32. Qxd2 Bxg4 33. Qf4
Qg6 34. Nd4 Re8 35. Rf1 Re4 36. Qf2 Rae8 37. Kg1 Be2 38. Nf4 Rxf4 39. gxf4 Bxf1
40. Qxf1 Qg3 41. Nc2 Rd8 42. Qf2 Qd3 43. Nb4 Qd1+ 44. Kh2 d4 45. Qg3+ Kh7 46.
Qh3 d3 47. Qf5+ Kg8 48. Qf6 Re8 49. Qxh6 Qg4 50. Nxd3 Re3 51. Qd6 Qh5+ 52. Kg1
Qd1+ 53. Kf2 Rxd3 54. Qb8+ Rd8 55. Qxb7 Rd2+ 56. Kg3 Qe1+ 57. Kf3 Rd3+ 58. Kg4
Rg3+ 59. Kf5 Qe6# 0-1

[Event "?"]
[Site "?"]
[Date "2011.06.04"]
[Round "6.25"]
[White "Sibahn, Mirko"]
[Black "Schiller, Anna-Katharina"]
[Result "1/2-1/2"]
[WhiteElo "1779"]
[BlackElo "1653"]
[PlyCount "31"]
[EventDate "2011.??.??"]

1. e4 c5 2. Nf3 Nc6 3. d4 cxd4 4. Nxd4 Nf6 5. Nc3 e5 6. Nxc6 dxc6 7. Qxd8+ Kxd8
8. Bc4 Be6 9. Bxe6 fxe6 10. Bg5 Bb4 11. O-O-O+ Ke7 12. Rd3 Rad8 13. Rhd1 Rxd3
14. Rxd3 Rd8 15. f3 Rxd3 16. cxd3 1/2-1/2

[Event "?"]
[Site "?"]
[Date "2011.06.04"]
[Round "6.26"]
[White "Uhlarz, Jörg"]
[Black "Steinmassl, Guido"]
[Result "1-0"]
[WhiteElo "1775"]
[BlackElo "1615"]
[PlyCount "59"]
[EventDate "2011.??.??"]

1. d4 f5 2. c4 e6 3. Nc3 Bb4 4. g3 Nf6 5. Bg2 O-O 6. Nh3 Bxc3+ 7. bxc3 d5 8.
cxd5 exd5 9. O-O Ne4 10. Qb3 Kh8 11. a4 Nc6 12. f3 Nf6 13. Ba3 Re8 14. Ng5 Qd7
15. e4 Ne7 16. e5 Nh5 17. f4 Qc6 18. Bxe7 Rxe7 19. Bxd5 Qb6 20. Nf7+ Kg8 21.
Nd6+ Kf8 22. Qxb6 cxb6 23. a5 bxa5 24. Rxa5 g6 25. Nxc8 Rxc8 26. Rxa7 Rxc3 27.
Ra8+ Kg7 28. Bf3 Rb3 29. d5 b5 30. d6 1-0

[Event "?"]
[Site "?"]
[Date "2011.06.04"]
[Round "6.27"]
[White "Schmitz, Harald"]
[Black "Gorb, Eugeniusz"]
[Result "1-0"]
[WhiteElo "1739"]
[BlackElo "1592"]
[PlyCount "149"]
[EventDate "2011.??.??"]

1. e4 e6 2. d4 d5 3. exd5 exd5 4. Bd3 Nc6 5. Ne2 Bd6 6. O-O Nge7 7. c3 Be6 8.
Bf4 h6 9. Qc2 g5 10. Bxd6 Qxd6 11. Ng3 O-O-O 12. Re1 h5 13. Nf5 Nxf5 14. Bxf5
g4 15. Nd2 h4 16. Bxe6+ fxe6 17. Qg6 Qf4 18. Qxe6+ Kb8 19. Qe3 Qf6 20. Nf1 Rhf8
21. Re2 Rd7 22. Rae1 Rdf7 23. Qd2 g3 24. hxg3 hxg3 25. Nxg3 Ne7 26. Re6 Qh4 27.
Qh6 Qxh6 28. Rxh6 Rxf2 29. Rxe7 Rxb2 30. Rhe6 Rb1+ 31. Re1 Rxe1+ 32. Rxe1 b5
33. Re5 c6 34. Nf5 a5 35. a3 Kc7 36. Ng7 Rg8 37. Ne6+ Kd6 38. Nc5 Rg3 39. Re6+
Kc7 40. Re7+ Kd8 41. Rf7 Rxc3 42. Rf3 Rc4 43. Rd3 Kc7 44. g4 b4 45. axb4 axb4
46. Nb3 Kd6 47. Kg2 Ke6 48. Kg3 Rc2 49. Kf4 Kf6 50. Rf3 Rg2 51. Na5 Rc2 52. Nb3
Rg2 53. Nc5 Rd2 54. Ke3+ Kg5 55. Kxd2 Kxg4 56. Rf6 b3 57. Nxb3 Kg5 58. Rxc6 Kf5
59. Ke3 Kg5 60. Rc5 Kf5 61. Rxd5+ Ke6 62. Ke4 Ke7 63. Ke5 Kf7 64. Rd6 Ke7 65.
d5 Ke8 66. Ke6 Kf8 67. Rd7 Ke8 68. Rh7 Kd8 69. d6 Kc8 70. d7+ Kd8 71. Rh8+ Kc7
72. d8=Q+ Kc6 73. Qd5+ Kb6 74. Rb8+ Ka6 75. Qb7# 1-0